Seni bina masjid di Dunia Melayu-Nusantara

Bibliographic Details
Main Author: ABDUL Halim Nasir 1938-2000
Format: Book
Published: Bangi, Selangor : Penerbit UKM , 1995
Subjects:

MARC

LEADER 00000cam a2200000 7i4500
001 0000000275
005 20000727.0
020 0 0 |a 9679423123 
090 0 0 |a MR726.20959   |b ABD 1995 
100 0 0 |a ABDUL Halim Nasir   |c 1938-2000 
245 1 0 |a Seni bina masjid di Dunia Melayu-Nusantara   |c Abdul Halim Nasir 
260 0 0 |a Bangi, Selangor :   |b Penerbit UKM ,   |c 1995 
300 |a 196p. :   |b col. ill. ;   |c 27 cm. 
500 0 0 |a Bibliography: [p.185-191] and index 
650 0 0 |a Architecture, Islamic 
650 0 0 |a Mosque   |x Malay archipelago 
650 0 0 |a Mosque   |z Asia   |x Southeastern 
650 0 0 |a Mosque   |z Islamic countries 
999 |a 0000001374   |b Monograph   |c Reference   |e Default branch